| 000 -CABECERA |
| campo de control de longitud fija |
00605nam a22002057a 4500 |
| 003 - IDENTIFICADOR DEL NÚMERO DE CONTROL |
| campo de control |
OSt |
| 005 - FECHA Y HORA DE LA ÚLTIMA TRANSACCIÓN |
| campo de control |
20240404141445.0 |
| 008 - DATOS DE LONGITUD FIJA--INFORMACIÓN GENERAL |
| campo de control de longitud fija |
240404b ||||| |||| 00| 0 SPA d |
| 040 ## - FUENTE DE LA CATALOGACIÓN |
| Centro/agencia transcriptor |
CO-MqBPB |
| 082 ## - NÚMERO DE LA CLASIFICACIÓN DECIMAL DEWEY |
| Número de edición |
CL N |
| Número de documento/Ítem |
BARp |
| 100 ## - ENTRADA PRINCIPAL--NOMBRE DE PERSONA |
| Nombre de persona |
Barrera, Pedro |
| 245 ## - MENCIÓN DE TÍTULO |
| Título |
Promesa de luna llena: |
| Mención de responsabilidad, etc. |
Pedro Alexander Barrera Tópaga |
| 264 ## - PRODUCCIÓN, PUBLICACIÓN, DISTRIBUCIÓN, FABRICACIÓN Y COPYRIGHT |
| Producción, publicación, distribución, fabricación y copyright |
Mosquera |
| Fecha de producción, publicación, distribución, fabricación o copyright |
2023 |
| 300 ## - DESCRIPCIÓN FÍSICA |
| Extensión |
88 paginas |
| Otras características físicas |
Tapa Dura: ilustración a color |
| Dimensiones |
22 cm |
| 490 ## - MENCIÓN DE SERIE |
| Mención de serie |
Mosquera campo de gigantes |
| 500 ## - NOTA GENERAL |
| Nota general |
Estimulo de Literatura Mosquera 2023 |
| 650 ## - PUNTO DE ACCESO ADICIONAL DE MATERIA--TÉRMINO DE MATERIA |
| Término de materia o nombre geográfico como elemento de entrada |
Estimulo |
| Subdivisión de forma |
Novela corta |
| 650 ## - PUNTO DE ACCESO ADICIONAL DE MATERIA--TÉRMINO DE MATERIA |
| Término de materia o nombre geográfico como elemento de entrada |
Estimulo |
| Subdivisión de forma |
Narrativa |
| 942 ## - ELEMENTOS DE PUNTO DE ACCESO ADICIONAL (KOHA) |
| Fuente del sistema de clasificación o colocación |
|
| Tipo de ítem Koha |
Libro Literatura |